[Event "AUTO-MASTER-3215"]
[Site "http://www.queenalice.com/game.php?id=1836299"]
[Date "2024.5.4"]
[Round "1"]
[White "bahouais"]
[Black "Capixaba789"]
[Result "1-0"]
[WhiteElo "2151"]
[BlackElo "1791"]

1. e4 c6 2. d4 e6 3. Nd2 Nf6 4. e5 Nd5 5. Ngf3 b6 6. Ne4 Be7 7. c4 Bb4+ 8. Bd2
Bxd2+ 9. Qxd2 Ne7 10. Nd6+ Kf8 11. Ng5 Nf5 12. Ngxf7 Qe7 13. Nxh8 Nxd6 14. exd6
Qxd6 15. O-O-O Ba6 16. Qg5 Bb7 17. Bd3 Na6 18. Bxh7 1-0

[Event "AUTO-MASTER-3215"]
[Site "http://www.queenalice.com/game.php?id=1836314"]
[Date "2024.5.4"]
[Round "1"]
[White "Tinelloski"]
[Black "bahouais"]
[Result "1-0"]
[WhiteElo "2259"]
[BlackElo "2151"]

1. d4 d5 2. Bf4 c5 3. e3 Nc6 4. Nf3 Nf6 5. c3 Qb6 6. Qb3 c4 7. Qxb6 axb6 8. Na3
Bf5 9. Nb5 Ra5 10. a4 Bc2 11. Be2 Bxa4 12. Nc7+ Kd7 13. Ng5 Nd8 14. b4 Ra7 15.
Bd1 1-0

[Event "AUTO-MASTER-3215"]
[Site "http://www.queenalice.com/game.php?id=1836315"]
[Date "2024.5.4"]
[Round "1"]
[White "bahouais"]
[Black "Tinelloski"]
[Result "0-1"]
[WhiteElo "2160"]
[BlackElo "2260"]

1. e4 c6 2. d4 d5 3. Nc3 dxe4 4. Nxe4 Bf5 5. Ng3 Bg6 6. h4 h6 7. Nf3 Nd7 8. Bd3
Bxd3 9. Qxd3 Ngf6 10. Bd2 Qc7 11. O-O-O O-O-O 12. Kb1 e6 13. Ne4 Be7 14. Rhg1 c5
15. Nxf6 Nxf6 16. c3 c4 17. Qe2 b5 18. Ne5 Bd6 19. g4 Nd5 20. f4 f6 21. Ng6 Rhe8
22. Rdf1 Qa5 23. g5 Kb8 24. gxh6 gxh6 25. Qf3 b4 26. cxb4 Bxb4 27. Bxb4 Nxb4 28.
a3 Qf5+ 29. Ka1 Nc2+ 30. Ka2 Nxd4 31. Qc3 Qb5 0-1

[Event "AUTO-MASTER-3215"]
[Site "http://www.queenalice.com/game.php?id=1836326"]
[Date "2024.5.4"]
[Round "1"]
[White "bahouais"]
[Black "alvm"]
[Result "1-0"]
[WhiteElo "2151"]
[BlackElo "2146"]

1. e4 c6 2. d4 d5 3. Nc3 dxe4 4. Nxe4 Bf5 5. Ng3 Bg6 6. h4 h6 7. Nf3 Nd7 8. h5
Bh7 9. Bd3 Bxd3 10. Qxd3 Ngf6 11. Bd2 e6 12. O-O-O Bd6 13. Ne4 Nxe4 14. Qxe4 O-O
15. g4 Qa5 16. Kb1 Qb6 17. g5 Ba3 18. Bc1 hxg5 19. Nxg5 Nf6 20. Qf3 Bd6 21. h6
g6 22. Qxf6 1-0

[Event "AUTO-MASTER-3215"]
[Site "http://www.queenalice.com/game.php?id=1836327"]
[Date "2024.5.4"]
[Round "1"]
[White "alvm"]
[Black "bahouais"]
[Result "1-0"]
[WhiteElo "2028"]
[BlackElo "2157"]

1. d4 d5 2. c4 e6 3. Nc3 Nf6 4. Bg5 Nbd7 5. cxd5 exd5 6. Nf3 c6 7. e3 h6 8. Bxf6
Qxf6 9. Bd3 Be7 10. O-O O-O 11. Rc1 g5 12. Bb1 Qg7 13. e4 dxe4 14. Nxe4 Nf6 15.
Re1 Be6 16. Nc5 Bxc5 17. dxc5 Rad8 18. Qc2 Rfe8 19. b4 Nd5 20. a3 Nf4 21. Rcd1
Bd5 22. Nd4 Rxe1+ 23. Rxe1 Qxd4 24. Qh7+ Kf8 25. Qxh6+ Qg7 26. Qxg7+ Kxg7 27. h3
Bxg2 28. Ba2 Rd2 29. Bb1 1-0

[Event "AUTO-OPEN-4518"]
[Site "http://www.queenalice.com/game.php?id=1838764"]
[Date "2024.6.17"]
[Round "2"]
[White "Fredo"]
[Black "bahouais"]
[Result "1-0"]
[WhiteElo "2042"]
[BlackElo "2188"]

1. Nf3 d5 2. d4 Nf6 3. g3 e6 4. Bg2 b5 5. O-O Bb7 6. Bg5 Nbd7 7. c3 h6 8. Bc1
Be7 9. Nbd2 O-O 10. Re1 c5 11. Ne5 cxd4 12. cxd4 Nxe5 13. dxe5 Nd7 14. Nf3 Nc5
15. b3 Ne4 16. Bb2 Bb4 17. Rf1 Rc8 18. Rc1 Qa5 19. Qd3 a6 20. h3 Qxa2 21. Bd4
Nc5 22. Bxc5 Rxc5 23. Rxc5 1-0

[Event "AUTO-OPEN-4518"]
[Site "http://www.queenalice.com/game.php?id=1838765"]
[Date "2024.6.17"]
[Round "2"]
[White "bahouais"]
[Black "Fredo"]
[Result "0-1"]
[WhiteElo "2172"]
[BlackElo "2064"]

1. e4 e5 2. Nf3 Nc6 3. Bc4 Bc5 4. d3 Nf6 5. O-O O-O 6. a4 a5 7. Re1 h6 8. Nbd2
d6 9. h3 Be6 10. c3 Qe7 11. Nf1 Bxc4 12. dxc4 Qe6 13. Qd3 Ne7 14. Ng3 Qc8 15.
Be3 Bxe3 16. Rxe3 g6 17. c5 Rd8 18. cxd6 cxd6 19. c4 Kg7 20. b3 Qc7 21. Ne2 Qc5
22. Nc3 Nc8 0-1

[Event "AUTO-OPEN-4518"]
[Site "http://www.queenalice.com/game.php?id=1838776"]
[Date "2024.6.17"]
[Round "2"]
[White "bahouais"]
[Black "Kapablanca"]
[Result "1-0"]
[WhiteElo "2122"]
[BlackElo "1739"]

1. e4 e6 2. d4 d5 3. Nc3 dxe4 4. Nxe4 Be7 5. Nf3 Nd7 6. g3 Ngf6 7. Nxf6+ Nxf6 8.
Bg2 O-O 9. O-O Rb8 10. Ne5 h6 11. c3 Bd6 12. Qe2 Bxe5 13. dxe5 1-0

[Event "AUTO-OPEN-4518"]
[Site "http://www.queenalice.com/game.php?id=1838777"]
[Date "2024.6.17"]
[Round "2"]
[White "Kapablanca"]
[Black "bahouais"]
[Result "0-1"]
[WhiteElo "1741"]
[BlackElo "2121"]

1. d4 d5 2. Nf3 Nf6 3. g3 e6 4. Bg2 b5 5. O-O Bb7 6. Re1 Nbd7 7. Bg5 h6 8. Bf4
Bd6 9. Bxd6 cxd6 10. Nbd2 O-O 11. b3 Rc8 12. e3 e5 0-1

[Event "zubarev - 1"]
[Site "http://www.queenalice.com/game.php?id=1858319"]
[Date "2025.6.8"]
[Round "-"]
[White "zubarev"]
[Black "bahouais"]
[Result "0-1"]
[WhiteElo "1990"]
[BlackElo "2123"]

1. d4 d5 2. Nc3 Nf6 3. Nf3 c5 4. e3 Nc6 5. Bb5 Bg4 6. O-O e6 7. h3 Bh5 8. Be2
Rc8 9. Ne5 Bxe2 10. Nxe2 Nxe5 11. dxe5 Nd7 12. f4 Be7 13. c3 O-O 14. Ng3 g6 0-1

[Event "Challenge"]
[Site "http://www.queenalice.com/game.php?id=1858502"]
[Date "2025.6.8"]
[Round "-"]
[White "bahouais"]
[Black "Arnoldus"]
[Result "0-1"]
[WhiteElo "2117"]
[BlackElo "2179"]

1. e4 d5 2. exd5 Qxd5 3. Nf3 Bg4 4. Be2 Nc6 5. h3 Bxf3 6. Bxf3 Qe6+ 7. Qe2 Nd4
8. Qxe6 Nxf3+ 9. gxf3 fxe6 10. d3 O-O-O 11. Nd2 g6 12. Ne4 Rd5 13. Ke2 Bg7 14.
c3 Nf6 15. Be3 Nh5 0-1

[Event "AUTO-MASTER-3268"]
[Site "http://www.queenalice.com/game.php?id=1858506"]
[Date "2025.6.9"]
[Round "1"]
[White "raulzampronha"]
[Black "bahouais"]
[Result "0-1"]
[WhiteElo "2165"]
[BlackElo "2091"]

1. e4 c5 2. Nf3 Nc6 3. d4 cxd4 4. Nxd4 Nf6 5. Nc3 h5 6. Bg5 Qa5 7. Bxf6 gxf6 8.
Be2 Qe5 9. Nf3 Qb8 10. O-O e6 0-1

[Event "AUTO-MASTER-3268"]
[Site "http://www.queenalice.com/game.php?id=1858524"]
[Date "2025.6.9"]
[Round "1"]
[White "bahouais"]
[Black "stoyan1"]
[Result "0-1"]
[WhiteElo "2107"]
[BlackElo "2085"]

1. e4 e5 2. Nf3 Nc6 3. Bb5 d6 4. d4 exd4 5. Nxd4 Bd7 6. O-O Ne5 7. Bxd7+ Qxd7 8.
f4 Nc6 9. Nc3 Nxd4 10. Qxd4 Ne7 11. Be3 Nc6 12. Qd2 O-O-O 13. Rab1 Kb8 14. b4 b6
15. a4 f5 16. a5 fxe4 0-1

[Event "AUTO-MASTER-3268"]
[Site "http://www.queenalice.com/game.php?id=1858525"]
[Date "2025.6.9"]
[Round "1"]
[White "stoyan1"]
[Black "bahouais"]
[Result "1-0"]
[WhiteElo "2102"]
[BlackElo "2092"]

1. e4 c5 2. Nf3 d6 3. Bc4 Nf6 4. e5 dxe5 5. Nxe5 e6 6. Ng4 Nc6 7. O-O Bd6 8. d3
h5 9. Ne3 Ng4 10. h3 Nf6 11. Re1 O-O 12. Nd2 Rb8 13. Ne4 Be7 14. Nxf6+ Bxf6 15.
Qxh5 Nd4 16. Ng4 1-0

[Event "AUTO-MASTER-3268"]
[Site "http://www.queenalice.com/game.php?id=1858526"]
[Date "2025.6.9"]
[Round "1"]
[White "bahouais"]
[Black "JailtonMaster"]
[Result "0-1"]
[WhiteElo "2058"]
[BlackElo "2055"]

1. e4 c5 2. Nf3 d6 3. d4 cxd4 4. Nxd4 Nf6 5. Nc3 a6 6. Bc4 e6 7. Bb3 Be7 8. O-O
O-O 9. f4 Nc6 10. Kh1 Qb6 11. Be3 Qc7 12. f5 Nxd4 13. Qxd4 Ng4 14. Bf4 e5 15.
Qd1 Nf6 16. Bg5 h6 17. Bxf6 Bxf6 18. Nd5 Qd8 19. Qh5 b5 20. Rf3 Kh7 21. Rd1 g6
22. Qh3 Bg7 23. g4 Bb7 24. f6 Bh8 0-1

[Event "AUTO-MASTER-3268"]
[Site "http://www.queenalice.com/game.php?id=1858527"]
[Date "2025.6.9"]
[Round "1"]
[White "JailtonMaster"]
[Black "bahouais"]
[Result "1-0"]
[WhiteElo "2037"]
[BlackElo "2076"]

1. e4 c5 2. Nf3 d6 3. d4 cxd4 4. Nxd4 Nf6 5. Nc3 Bd7 6. Bc4 Nc6 7. O-O e6 8. Be3
a6 9. f3 Qc7 10. Qe2 Be7 11. Rad1 Rc8 12. Bb3 b5 13. Nxc6 Bxc6 14. Qf2 Qb7 15.
Ne2 a5 16. a3 a4 17. Ba2 b4 18. Nd4 Bd7 19. axb4 Qxb4 20. c3 Qb7 21. Qc2 O-O 22.
Bb1 Rb8 23. Bg5 Rfc8 24. Kh1 Qxb2 25. Rc1 1-0